LEADER 01156nam0-22003851i-450- 001 990001481800403321 005 20001010 035 $a000148180 035 $aFED01000148180 035 $a(Aleph)000148180FED01 035 $a000148180 100 $a20001010d--------km-y0itay50------ba 101 0 $aeng 102 $aGB 105 $aa---a---001yy 200 1 $aAdvances in microbial physiology$fedited by A.H. Rose and J.F. Wilkinson 210 $aLondon$cAcademic Press$d1970-75 215 $a9 v. (xi, 353 ; ix, 302 ; x, 369 ; x, 310 ; ix, 294 ; ix, 249 ; ix, 299 ; x, 320 ; x, 366) p.$cill.$d25 cm 300 $aVolumi dal 4 al 12. 610 0 $aFisiologia 801 0$aIT$bUNINA$gRICA$2UNIMARC 901 $aBK 912 $a990001481800403321 952 $a3 IV 5$b16333$fDBV 952 $a3 IV 6$b16374$fDBV 952 $a3 IV 7$b14534$fDBV 952 $a3 IV 4$b16375$fDBV 952 $a3 IV 8$b17830$fDBV 952 $a3 IV 12$b18987$fDBV 952 $a3 IV 9$b17885$fDBV 952 $a3 IV 10$b18169$fDBV 952 $a3 IV 11$b18996$fDBV 959 $aDBV 996 $aAdvances in microbial physiology$9378309 997 $aUNINA LEADER 02476nas 22008173 450 001 996546857903316 005 20210609051252.4 011 $a2379-7444 024 7 $a10.4018/JNN 035 $a(OCoLC)911182465 035 $a(CKB)3880000000006567 035 $a(CONSER)--2015202109 035 $a(DE-599)ZDB2860097-6 035 $a(EXLCZ)993880000000006567 100 $a20150618b20162018 --- a 101 0 $aeng 135 $aur||||||||||| 181 $ctxt$2rdacontent 182 $cc$2rdamedia 183 $acr$2rdacarrier 200 00$aJournal of nanotoxicology and nanomedicine 210 1$aHershey, PA :$cIGI Global,$d[2016-] 300 $aRefereed/Peer-reviewed 311 $a2379-7452 517 1 $aJournal of nanotoxicology & nanomedicine 517 1 $aNanotoxicology and nanomedicine 517 1 $aJNN 531 0 $aJ. nanotoxicol. nanomed. 606 $aNanomedicine$vPeriodicals 606 $aToxicology$vPeriodicals 606 $aNanomedicine$2fast$3(OCoLC)fst01744350 606 $aToxicology$2fast$3(OCoLC)fst01153364 606 $aNanostructures$xtoxicity 606 $aNanomedicine 606 $aNanostructures$xtoxicity 606 $aNanomedicine 608 $aPeriodical. 608 $aPeriodicals.$2fast 610 $aBiodistribution of nanomaterials 610 $aChemoNanoinformatics 610 $aMulticore nanotechnology 610 $aNanoBiomaterials 610 $aNanoBioscience 610 $aNanobiotechnology 610 $aNanodescriptors development 610 $aNanoDiagnostic devices 610 $aNanoinformatics 610 $aNanomaterials in gene therapy 610 $aNanomaterials in medical imaging technologies 610 $aNanomedical devices 610 $aNanoparticle characterization 610 $aNano-QSAR 610 $aNanoscale devices 610 $aNanosensors 610 $aNanotherapeutics 610 $aPharmacokinetics of nanomaterials 610 $aSafety assessment 615 0$aNanomedicine 615 0$aToxicology 615 7$aNanomedicine. 615 7$aToxicology. 615 2$aNanostructures$xtoxicity. 615 2$aNanomedicine. 615 12$aNanostructures$xtoxicity. 615 22$aNanomedicine. 676 $a615.7 712 02$aInformation Resources Management Association. 906 $aJOURNAL 912 $a996546857903316 996 $aJournal of nanotoxicology and nanomedicine$93552144 997 $aUNISA